00258nam a2200121Ia 4500008004100000100000900041245001700050260002600067300000900093650001000102942000700112999001700119190216s9999||||xx |||||||||||||| ||und|| aNull 0aChandralekha bPoorna Pubs Kozhikode a112p aNovel cBK c26892d26892